Music Quiz

Random Music or Song Quiz

'Eleanor Rigby' Lyrics Quiz Stats

 Plays Quiz Updated Dec 3, 2019

Support Sporcle.
Go Orange.
Score 0/191 Timer 07:00
5 Plays Today
% Correct
a
97.5%
a
97.5%
a
97.5%
a
97.5%
the
97.3%
the
97.3%
the
97.3%
the
97.3%
the
97.3%
the
97.3%
the
97.3%
the
97.3%
the
97.3%
the
97.3%
the
97.3%
the
97.3%
the
97.3%
the
97.3%
the
97.3%
the
97.3%
the
97.3%
the
97.3%
the
97.3%
the
97.3%
Rigby,
94%
Rigby,
94%
Eleanor
93.6%
Eleanor
93.6%
all
91.7%
all
91.7%
All
91.7%
all
91.7%
All
91.7%
all
91.7%
All
91.7%
all
91.7%
All
91.7%
all
91.7%
all
91.7%
all
91.7%
All
91.7%
all
91.7%
All
91.7%
all
91.7%
people.
90.6%
people.
90.6%
people,
90.6%
people,
90.6%
people,
90.6%
people,
90.6%
people.
90.6%
people.
90.6%
people,
90.6%
people,
90.6%
where
90.2%
where
90.2%
where
90.2%
where
90.2%
where
90.2%
where
90.2%
where
90.2%
do
90.2%
do
90.2%
do
90.2%
% Correct
do
90.2%
do
90.2%
do
90.2%
lonely
90%
lonely
90%
lonely
90%
lonely
90%
lonely
90%
lonely
90%
lonely
90%
lonely
90%
lonely
90%
lonely
90%
they
88.4%
they
88.4%
they
88.4%
they
88.4%
they
88.4%
they
88.4%
in
86.7%
in
86.7%
in
86.7%
in
86.7%
in
86.7%
come
86.7%
come
86.7%
come
86.7%
at
86.6%
at
86.6%
at
86.6%
at
86.6%
at
86.6%
at
86.6%
from?
86.3%
from?
86.3%
from
86.3%
from
86.3%
from?
86.3%
look
85%
look
85%
Look
85%
look
85%
look
85%
he
84.1%
he
84.1%
no
83.2%
No
83.2%
No
83.2%
church
80.2%
church
80.2%
belong?
79.4%
belong?
79.4%
belong?
79.4%
Father
74.7%
Father
74.7%
one
74.4%
one
74.4%
one
74.4%
is
73.9%
it
71.4%
she
71.3%
her
71%
wedding
70.9%
has
70.1%
% Correct
that
69.9%
that
69.9%
been.
69.8%
for?
69.4%
Ah,
69.2%
Ah,
69.2%
Ah,
69.2%
Ah,
69.2%
McKenzie,
67.8%
McKenzie,
67.8%
was
67.1%
was
67.1%
nobody
66.4%
Nobody
66.4%
Who
66.3%
by
65.9%
will
65.5%
hear.
63.3%
and
63.1%
up
62.4%
door.
62%
came.
61.8%
rice
60.1%
of
60.1%
his
59.4%
his
59.4%
What
59.4%
sermon
59.3%
him
59.1%
Lives
58.7%
dream.
58.4%
near.
58.1%
died
58%
there.
57.4%
comes
57%
picks
56.8%
with
56.4%
jar
56.3%
writing
55.8%
care?
55.4%
words
54.8%
keeps
54.5%
does
54.2%
window,
53.9%
buried
53.9%
name.
53.8%
working,
52.9%
grave.
52.5%
when
51.9%
face
51.7%
as
51.1%
along
51%
socks
50.8%
saved.
47.7%
night
46.8%
walks
45.3%
Waits
44.6%
dirt
44.5%
hands
43.3%
wearing
43.2%
darning
42.6%
there's
42%
wiping
41.5%

You're not logged in!

Compare scores with friends on all Sporcle quizzes.
OR
Log In

From the Vault

The 3rd Thing You Need to Know: Villains

by MrWhiplash

The first two things you should know are probably not to mess with villains.
Remove Ads.
Support Sporcle.
Get the best of Sporcle when you Go Orange. This ad-free experience offers more features, more stats, and more fun while also helping to support Sporcle. Thank you for becoming a member.

Show Comments

Extras

Top Quizzes Today


Score Distribution

Your Account Isn't Verified!

In order to create a playlist on Sporcle, you need to verify the email address you used during registration. Go to your Sporcle Settings to finish the process.

Report this User

Report this user for behavior that violates our Community Guidelines.

Details: